| 000 | 00970cam a2200253 i 4500 | ||
|---|---|---|---|
| 001 | 36713 | ||
| 005 | 20230404125940.0 | ||
| 008 | 070314b2001 sp a 000 0 spa | ||
| 020 | _a8447526208 | ||
| 041 | 0 | _aspa | |
| 050 | 1 | 4 |
_a102 F 3320.1 _bV796v 2001 |
| 100 | 2 | 0 | _aViola Recasens, Andreu |
| 245 | 1 | 0 |
_aViva la coca, mueran los gringos! : _bmovilizaciones campesinas y etnicidad en el Chapare (Bolivia) / _cAndreu Viola Recasens |
| 260 |
_aBarcelona : _bDepartament d'Antropologia Cultural i Història d'Amèrica i Àfrica, Universitat de Barcelona, _c2001. |
||
| 300 |
_a114 p. _c21 cm |
||
| 440 | 0 |
_aEstudis d'antropologia social i cultural _v6 |
|
| 504 | _aBibliografía: p. [105]-114 | ||
| 650 | 0 |
_aIndians of South America _zBolivia _xPolitics and government. |
|
| 650 | 0 |
_aMunicipal government _zBolivia. |
|
| 650 | 6 |
_aIndios de Bolivia _xIdentidad cultural |
|
| 650 | 6 |
_aCampesinado _zChapare |
|
| 650 | 6 |
_aIndustria de la coca _zChapare |
|
| 942 |
_2lcc _cbk |
||
| 999 |
_c7922 _d7922 |
||